Twisted. (4), Twisted lies: lži na ostří nože /
Další díl z eroticko-milostné románové série americké autorky.
Uloženo v:
| Série: | Twisted,
část 4 |
|---|---|
| Hlavní autor: | |
| Další autoři: | |
| Médium: | E-kniha |
| Jazyk: | Czech |
| Vydáno: |
V Praze :
Baronet,
2024
|
| Vydání: | 1. vydání |
| Témata: | |
| Příbuzné jednotky: | Z cyklu::
Twisted |
| Tagy: |
Žádné tagy |
| LEADER | 02691nam a2200529 i 4500 | ||
|---|---|---|---|
| 001 | 312303 | ||
| 003 | CZ PrSKC | ||
| 005 | 20260601215720.0 | ||
| 007 | ta | ||
| 008 | 240229s2024 xr e 000 f cze | ||
| 015 | |a cnb003591674 | ||
| 020 | |a 9788026922742 |q (vázáno) | ||
| 035 | |a (OCoLC)1429251331 | ||
| 040 | |a ABG001 |b cze |e rda | ||
| 041 | 1 | |a cze |h eng | |
| 072 | 7 | |a 821.111(73)-3 |x Americká próza |2 Konspekt | |
| 080 | |a 821.111(73)-31 |2 MRF | ||
| 080 | |a (0:82-993) |2 MRF | ||
| 080 | |a (0:82-312.5) |2 MRF | ||
| 100 | 1 | |a Huang, Ana |7 xx0274388 |4 aut | |
| 240 | 1 | 0 | |a Twisted lies. |l Česky |
| 245 | 1 | 0 | |a Twisted. |n (4), |p Twisted lies: lži na ostří nože / |c Ana Huang ; z anglického originálu Twisted lies ... přeložila Ivana Dresia |
| 246 | 3 | 0 | |a Twisted lies: lži na ostří nože |
| 246 | 3 | 0 | |a Lži na ostří nože |
| 250 | |a 1. vydání | ||
| 264 | 1 | |a V Praze : |b Baronet, |c 2024 | |
| 300 | |a 610 stran ; |c 21 cm | ||
| 336 | |a text |b txt |2 rdacontent | ||
| 337 | |a bez média |b n |2 rdamedia | ||
| 338 | |a svazek |b nc |2 rdacarrier | ||
| 520 | 2 | |a Další díl z eroticko-milostné románové série americké autorky. |b Christian je okouzlující a hrozivý. Je to monstrum oblečené do dokonale ušitého obleku. Každé monstrum má svou slabinu. Tou jeho je ona. Milá, plachá a introvertní Stella je navzdory své slávě na sociálních sítích romantička, která své srdce drží na uzdě. Když ji však hrozba z minulosti zažene do domu toho nejnebezpečnějšího muže, jakého kdy potkala, je v pokušení dovolit si něco cítit. Jejich láska je poznamenaná tajemstvím a poskvrněná lží... a když pravda konečně vyjde najevo, mohla by všechno zničit. Nakladatelská anotace. Kráceno. | |
| 546 | |a Český text | ||
| 653 | 0 | |a literatura new adult | |
| 655 | 7 | |a americké romány |7 fd131796 |2 czenas | |
| 655 | 7 | |a erotické romány |7 fd132211 |2 czenas | |
| 655 | 7 | |a milostné romány |7 fd132840 |2 czenas | |
| 655 | 9 | |a American fiction |2 eczenas | |
| 655 | 9 | |a erotic novels |2 eczenas | |
| 655 | 9 | |a love novels |2 eczenas | |
| 700 | 1 | |a Dresia, Ivana |7 xx0235996 |4 trl | |
| 787 | 0 | 8 | |i Z cyklu: |t Twisted |g 4 |
| 900 | |a ABA001 |b 21 | ||
| 928 | 9 | |a Albatros Media - Baronet | |
| 044 | |a xr | ||
| 910 | |a RBIT002 | ||
| 998 | |d 399118 |a https://core.palmknihy.cz/api/books/399118/cover?sgwee5 |b https://core.palmknihy.cz/api/books/399118/cover/400?sgwee5 |c https://core.palmknihy.cz/api/books/399118/cover/50?sgwee5 |e 2027-08-29 |g 616 |i 9788026922742 |j https://core.palmknihy.cz/api/books/399118/preview.epub |k https://core.palmknihy.cz/api/books/399118/preview.pdf |l |q 49 |r 1 |s https://www.palmknihy.cz/kniha/399118 |t ebook |y 2024 |z 0 |v Twisted |w 4 | ||
| 999 | |d 312301 | ||